Music Quiz

Random Music or Bands Quiz

Can you guess the fake Japanese Band? Quiz Stats

 Plays Quiz not verified by Sporcle

Challenge
Share
Tweet
Embed
Score 0/10 Timer 02:00
0 Plays Today
% Correct
Elephant Kashimashi
72.5%
Seagull Screaming Kiss Her Kiss Her
70%
Sadistic Mika Band
67.5%
Luminousorange
60%
MASS OF THE FERMENTING DREGS
57.5%
School Food Punishment
55%
OGRE YOU A**HOLE
55%
THE ORAL CIGARETTES
50%
ACIDMAN
50%
Nico Touches the Walls
47.5%

You're not logged in!

Compare scores with friends on all Sporcle quizzes.
OR
Log In

You Might Also Like...

Show Comments

Extras

Created May 8, 2017ReportNominate
Tags:Bands Quiz, Rock Quiz, japan, pop

Top Quizzes Today


Score Distribution

Your Account Isn't Verified!

In order to create a playlist on Sporcle, you need to verify the email address you used during registration. Go to your Sporcle Settings to finish the process.

Report this User

Report this user for behavior that violates our Community Guidelines.

Details: